Farm income stablization in the dry farming areas of Haryana (Record no. 14080)

MARC details
000 -LEADER
fixed length control field 00625nam a2200205Ia 4500
082 ## - DEWEY DECIMAL CLASSIFICATION NUMBER
Classification number TR.0139
100 ## - MAIN ENTRY--AUTHOR NAME
Personal name Rai, Kedar Nath
245 #0 - TITLE STATEMENT
Title Farm income stablization in the dry farming areas of Haryana
260 ## - PUBLICATION, DISTRIBUTION, ETC. (IMPRINT)
Year of publication 1979
Name of publisher Haryana Agricultural University
300 ## - PHYSICAL DESCRIPTION
Number of Pages 106p. + C D - 51
650 ## - SUBJECT ADDED ENTRY--TOPICAL TERM
Topical Term ARID REGIONS AGRICULTURE///DRY FARMING
650 ## - SUBJECT ADDED ENTRY--TOPICAL TERM
Topical Term AGRICULTURE///DRY FARMING
650 ## - SUBJECT ADDED ENTRY--TOPICAL TERM
Topical Term DRY FARMING - HARYANA
650 ## - SUBJECT ADDED ENTRY--TOPICAL TERM
Topical Term FARM INCOME - HARYANA
650 ## - SUBJECT ADDED ENTRY--TOPICAL TERM
Topical Term FARMING, DRY//DRY FARMING
650 ## - SUBJECT ADDED ENTRY--TOPICAL TERM
Topical Term DRYLAND FARMING//DRY FARMING
650 ## - SUBJECT ADDED ENTRY--TOPICAL TERM
Topical Term TILLAGE///DRY FARMING
710 ## - ADDED ENTRY--CORPORATE NAME
Corporate name or jurisdiction name as entry element Singh, I.J.
942 ## - ADDED ENTRY ELEMENTS (KOHA)
Koha item type Thesis
Source of classification or shelving scheme Dewey Decimal Classification
Holdings
Withdrawn status Lost status Damaged status Not for loan Home library Current library Date acquired Full call number Accession Number Price effective from Koha item type
        NASSDOC Library NASSDOC Library 08/10/2004 TR.0139 13274 18/04/2019 Thesis